Liz Lemon's Love Life Quiz Stats

 Plays Quiz Updated Feb 21, 2020

Support Sporcle.
Go Orange.
Score 0/14 Timer 04:00
0 Plays Today
Defect Name % Correct
He's an (exonerated) Dateline predatorDennis Duffy
73.9%
He's too similar to LizCarol Burnett
64.9%
None (Liz's husband)Criss Chros
64.5%
He moved to ClevelandFloyd DeBarber
63.5%
Liz hates everything about himWesley Snipes
56.9%
So pretty, but so, so dumbDr. Drew Baird
31%
FemaleGretchen Thomas
30.1%
Defect Name % Correct
He's one of Liz's employeesDanny Baker
27.6%
He's a white-collar criminal under house arrestGavin Volure
24.6%
Likes the wrong kind of Star WarsStephen Black
24.5%
Liz looks exactly like his momJamie
22.4%
He's related to LizGray
20%
He's a PlushieMike Dexter
17.9%
They met because Liz thought he was a childStewart LaGrange
6.7%

You're not logged in!

Compare scores with friends on all Sporcle quizzes.
OR
Log In

From the Vault

All-Time UEFA Champions League Teams

by Freddie

This quiz is definitely not too US-Centric.
Remove Ads.
Support Sporcle.
Get the best of Sporcle when you Go Orange. This ad-free experience offers more features, more stats, and more fun while also helping to support Sporcle. Thank you for becoming a member.

Show Comments

Extras

Top Quizzes Today


Score Distribution

Your Account Isn't Verified!

In order to create a playlist on Sporcle, you need to verify the email address you used during registration. Go to your Sporcle Settings to finish the process.

Report this User

Report this user for behavior that violates our Community Guidelines.

Details: